The professionals : The Institution of Mining and Metallurgy 1892-1992 /

محفوظ في:
التفاصيل البيبلوغرافية
المؤلف الرئيسي: Wilson, A. J.
التنسيق: كتاب
اللغة:English
منشور في: London : The Institution of Mining and Metallurgy, 1992.
الموضوعات:
LEADER 00933cam a2200241 a 4500
001 c000224031
003 CARM
005 20060929134855.0
008 920408s1992 enka b 001 0 eng d
019 1 |a 8925446  |5 LACONCORD2021 
020 |a 1870706269 
035 |a (OCoLC)60016075  |5 LACONCORD2021 
040 |a SMIF  |b eng  |c SMIF  |d XNTU 
100 1 |a Wilson, A. J. 
245 1 4 |a The professionals :  |b The Institution of Mining and Metallurgy 1892-1992 /  |c A.J. Wilson. 
260 |a London :  |b The Institution of Mining and Metallurgy,  |c 1992. 
300 |a vii, 348 p. :  |b ill. ;  |c 23 cm. 
500 |a Includes index. 
504 |a Bibliography: p.331-332. 
650 0 |a Associations, institutions, etc. 
852 8 |b CARM  |h A2:AP07A0  |i B06628  |p 0315249  |f BK 
999 f f |i eb1a7d73-55b1-55f3-9ae7-ef584fc86730  |s 0b71e72d-5b70-5fe5-8ff0-2723a3ceee1b 
952 f f |p Can circulate  |a CAVAL  |b CAVAL  |c CAVAL  |d CARM 1 Store  |e B06628  |f A2:AP07A0  |h Other scheme  |i book  |m 0315249